[Event "3. Laufenburger Open Gruppe A"]
[Site "?"]
[Date "2015.10.11"]
[Round "5.2"]
[White "Döserich, Jürgen"]
[Black "Baumann, Gerhard"]
[Result "1-0"]
[WhiteElo "2030"]
[BlackElo "1804"]
[PlyCount "65"]

{518MB, Rybka3Gen.ctg} 1. d4 Nf6 2. c4 g6 3. Nc3 Bg7 4. e4 d6 5. Nf3 O-O 6. h3
e5 7. d5 a5 8. Bg5 Na6 9. Be2 Nc5 10. Nd2 c6 11. O-O h6 12. Be3 Qe7 13. b3 Nfd7
14. a3 f5 15. f3 Nf6 16. g4 f4 17. Bf2 Nh7 18. Rb1 g5 19. b4 axb4 20. axb4 Nd7
21. dxc6 bxc6 22. b5 Bb7 23. bxc6 Bxc6 24. Nd5 Bxd5 25. cxd5 Rfb8 26. Bb5 Nhf6
27. Bc6 Rxb1 28. Qxb1 Rb8 29. Qa2 Nb6 30. Rb1 Qd8 31. Qa7 Nbd7 32. Rxb8 Qxb8
33. Bxd7 1-0

[Event "3. Laufenburger Open Gruppe A"]
[Site "?"]
[Date "2015.10.11"]
[Round "5.4"]
[White "Weidt, Frank"]
[Black "Urwyler, Nikash"]
[Result "1-0"]
[WhiteElo "1905"]
[BlackElo "1927"]
[PlyCount "53"]

{518MB, Rybka3Gen.ctg} 1. d4 Nf6 2. Nf3 e6 3. Nc3 c5 4. d5 exd5 5. Nxd5 Nxd5 6.
Qxd5 Nc6 7. Bg5 Be7 8. O-O-O Nb4 9. Qe5 f6 10. Bxf6 gxf6 11. Qh5+ Kf8 12. e4 h6
13. Nh4 Qe8 14. Qf3 d6 15. Bc4 Bd7 16. Qg3 d5 17. Ng6+ Kf7 18. Nxh8+ Qxh8 19.
exd5 b5 20. Be2 Rg8 21. Bh5+ Kf8 22. Qb8+ Kg7 23. Qc7 Qh7 24. Rd2 Qf5 25. g4
Qe4 26. Rhd1 Rd8 27. d6 1-0

[Event "3. Laufenburger Open Gruppe A"]
[Site "?"]
[Date "2015.10.11"]
[Round "5.7"]
[White "Eichler, Robert"]
[Black "Reinke, Martin"]
[Result "1-0"]
[WhiteElo "2047"]
[BlackElo "1863"]
[PlyCount "51"]

{518MB, Rybka3Gen.ctg} 1. e4 c5 2. Nc3 Nc6 3. g3 Nf6 4. Bg2 e6 5. d3 Be7 6. f4
d5 7. Bd2 d4 8. Nce2 e5 9. Nf3 Nd7 10. O-O O-O 11. h3 f6 12. a3 Qe8 13. f5 Rf7
14. g4 Nf8 15. Qe1 g6 16. fxg6 hxg6 17. Qg3 g5 18. h4 Ne6 19. Kf2 Nf4 20. Rh1
Rg7 21. hxg5 fxg5 22. Rh6 Qd7 23. Rah1 Ng6 24. Qh2 Bf6 25. Qh5 Qxg4 26. Rxg6
1-0